| 000 | 00350nam a2200133Ia 4500 | ||
|---|---|---|---|
| 008 | 240624s9999 xx 000 0 und d | ||
| 041 | _aeng | ||
| 082 | _a658.4063 MOR | ||
| 100 | _aMORRIS CHARLES R | ||
| 245 | _aDAWN OF INNOVATION THE FIRST AMERICAN IN | ||
| 260 |
_c2012 _aNew York _bPublicAffairs |
||
| 300 | _axiv, 368 p.; 23 cm. | ||
| 365 |
_c _b30 |
||
| 999 |
_c29398 _d29398 |
||